SLeK na sneme Českej lekárnickej komory

Bibliographic Details
Format: Article
Language:Slovak
ISSN:1335-5821
Subjects:

MARC

LEADER 00000nab a2200000 a 4500
001 vtls000771530
003 SK-MaSNL
005 20260304141255.0
008 250429c1999 xo 0 slo
015 |a SNBRB2001/11-31682 
035 |a CLN000123317 
035 |a urn:nbn:sk:snk-abmk2 
035 |a (urnnbn)urn:nbn:sk:snk:ar-a03x1t 
035 |a (uuid)701024f0-72e6-4054-a5c9-f6b9030cae5a 
040 |a SNKBUCL  |b slo  |c SNKBUCL  |e AACR2 
041 0 |a slo 
044 |a xo  |c SK 
080 |a 615.1:061.22(437.1/.2)  |2 1997 
245 0 0 |a SLeK na sneme Českej lekárnickej komory 
610 7 |a Česká lekárnická komora  |b Snem  |d 1999  |2 snkbucl  |9 1458864 
650 0 7 |a etika farmaceutická  |2 snkbucl  |9 856937 
650 0 7 |a spôsobilosť odborná  |2 snkbucl  |9 841656 
650 0 7 |a odborné vzdelávanie  |2 snkbucl  |9 4335 
650 0 7 |a farmaceuti  |2 snkbucl  |9 19512 
650 0 7 |a kongresy  |2 snkbucl  |9 19200 
650 0 7 |a Česká lekárnická komora  |2 snkbucl  |9 1458865 
655 7 |a články z novín a časopisov  |2 snkbucl  |9 267496 
773 0 |t Lekárnické listy  |g Roč. 1, č. 0 (1999), s. 19  |x 1335-5821 
850 |a Slovenská národná knižnica 
852 |a Slovenská národná knižnica 
954 |a odborná, vedecká literatúra pôvodná (slovenská)  |2 lita 
958 |a article27 
958 |a OND 
958 |a MI 
958 |a EUIPO 
992 |a RBX 
999 |c 2918185  |d 2920115